000 00437nam a2200169Ia 4500
008 230711s9999||||xx |||||||||||||| ||und||
020 _a978-0-7148-4874-7
041 _aENG
082 _a724.7
_bPH-P
100 _aPhaidon Press
245 4 _aThe Phaidon Atlas of 21st Century World Architecture.
250 _a19th Ed.
260 _c2008
_aNew York
_bPhaidon Press Limited
300 _a799p.
650 _aArchitecture
942 _cBK
999 _c6468
_d6468